| 000 | 01210nam a2200277 i 4500 | ||
|---|---|---|---|
| 001 | 190710 | ||
| 003 | ES-MaACL | ||
| 005 | 20250829175106.0 | ||
| 008 | 220511s2021 sp a 001 0 spa d | ||
| 020 | _a978-84-18888-41-0 | ||
| 080 | _a821.134.2-2"19":070(460.271)La Estafeta literaria | ||
| 245 | 0 | 3 |
_aEl teatro en la "La Estafeta literaria" (1944-1957) : _blos años de Juan Aparicio [ _hRecurso electrónico] / _cAna Isabel Ballesteros Dorado y Milagrosa Romero Samper (coord. y ed.). |
| 250 | _a1ª ed. | ||
| 260 |
_aMadrid : _bSial Pigmalión, _c2021. |
||
| 300 |
_a[300 p. : _bil. col. y n. ; _c21 cm] |
||
| 490 | 1 |
_aTrivium: biblioteca de textos y ensayo ; _v54 |
|
| 504 | _aReferencias bibliográficas. | ||
| 630 | 3 | 4 |
_aLa Estafeta literaria (1944) _9143513 |
| 650 | 4 |
_aTeatro (Género literario)- _xHistoria y crítica. _917365 |
|
| 700 | 1 |
_aBallesteros Dorado, Ana Isabel, _d1967- _9174458 |
|
| 700 | 1 |
_aRomero Samper, Milagrosa. _9174459 |
|
| 830 | 1 | 0 |
_aTextos y ensayos (Sial Ediciones) _9234386 |
| 856 | 4 |
_uhttp://hdl.handle.net/10637/13440 _zEl teatro en la "La Estafeta literaria" (1944-1957) _zCEU Repositorio Institucional |
|
| 942 | _2udc | ||
| 999 |
_c190710 _d190710 |
||